00335nam a2200121Ia 4500008004100000041000800041082001400049100002300063245004500086260004000131300003300171365000900204240624s9999 xx 000 0 und d aeng a332.6 FRA aFRANCIS JACK CLARK aMODERN PORTFOLIO THEORY FOUNDATION ANALY c2013aNew JerseybJohn Wiley & Sons axviii, : 554 : p. : cm. ; 26 cb26